God, Creation and Guidance: creation and creatures of the lord, texts of the bible and the Quran, The only pollution -free book in the World (Record no. 595285)
[ view plain ]
| 000 -LEADER | |
|---|---|
| fixed length control field | 00481nam a22001457a 4500 |
| 020 ## - INTERNATIONAL STANDARD BOOK NUMBER | |
| International Standard Book Number | 9789699704079 |
| 082 ## - DEWEY DECIMAL CLASSIFICATION NUMBER | |
| Classification number | 210 |
| Author Mark | CHH |
| 100 ## - MAIN ENTRY--PERSONAL NAME | |
| Personal name | Muhammad Ashraf Chheenah |
| 245 ## - TITLE STATEMENT | |
| Title | God, Creation and Guidance: creation and creatures of the lord, texts of the bible and the Quran, The only pollution -free book in the World |
| Statement of responsibility, etc. | Muhammad Ashraf Chheenah |
| 260 ## - PUBLICATION, DISTRIBUTION, ETC. | |
| Place of publication, distribution, etc. | Islamabad |
| Name of publisher, distributor, etc. | I.S.R.C |
| Date of publication, distribution, etc. | 2020 |
| 300 ## - PHYSICAL DESCRIPTION | |
| Extent | 325p |
| 563 ## - BINDING INFORMATION | |
| Binding note | H.B |
| 650 ## - SUBJECT ADDED ENTRY--TOPICAL TERM | |
| Topical term or geographic name entry element | Religion |
| 942 ## - ADDED ENTRY ELEMENTS (KOHA) | |
| Source of classification or shelving scheme | |
| Koha item type | Book |
| 650 ## - SUBJECT ADDED ENTRY--TOPICAL TERM | |
| -- | 5800 |
| Withdrawn status | Lost status | Source of classification or shelving scheme | Damaged status | Not for loan | Permanent Location | Current Location | Date acquired | Source of acquisition | Total Checkouts | Total Renewals | Full call number | Barcode | Checked out | Date last seen | Date last checked out | Price effective from | Koha item type |
|---|---|---|---|---|---|---|---|---|---|---|---|---|---|---|---|---|---|
| Central Library (CL) | Central Library (CL) | 07/15/2023 | Donation | 1 | 2 | 210 CHH | CL-D-2421 | 03/28/2026 | 12/11/2025 | 12/11/2025 | 07/15/2023 | Book |
